000 02453cam a2200553 i 4500
001 zz2005913590
003 NUKAT
005 20260311100858.0
008 050808s2005 pl f |100 0druso
020 _a8372993939
_q(oprawa miękka)
035 _a(OCoLC)169091007
035 _a(NUKAT)zz2005913590
040 _aWA N/PBza
_bpol
_erda
_cWA N/PBza
_dWA N/PBan
_dPOZN U/JŁs
_dWR U/ZSs
_dWA N/PBiks
_dWA N/PBjkws
_dWA N/PBezm
_dOLSZT 003/BK
_dOLSZT 008/bak
041 0 _arus
_apol
_aukr
045 2 _bd1828
_bd2000
046 _k2005
080 _a821.161.1(091)A/Z:821.16(091):821.172(091):821.511.113(091)]"18/19"(061)
245 0 0 _aLew Tołstoj i kultury słowiańskie /
_cpod redakcją Bazylego Białokozowicza.
260 _aOlsztyn :
_bWydawnictwo Uniwersytetu Warmińsko-Mazurskiego,
_c© copyright 2005.
300 _a237 stron ;
_c24 cm.
336 _aTekst
_btxt
_2rdacontent
337 _aBez urządzenia pośredniczącego
_bn
_2rdamedia
338 _aWolumin
_bnc
_2rdacarrier
380 _aKsiążki
380 _aPublikacje naukowe
388 1 _a2001-
500 _aMateriały z XX Międzynarodowej Konferencji Slawistycznej "Lew Tołstoj i kultury słowiańskie. Polsko-wschodniosłowiańskie dziedzictwo kulturowe", Ostróda, 23 i 24 czerwca 2003 r.
504 _aBibliografie przy referatach.
546 _aTekst głównie w języku rosyjskim, częściowo w języku polskim i ukraińskim.
600 1 7 _aTołstoj, Lew
_d(1828-1910)
_2DBN
_937844
600 1 7 _aTolstoj, Lev Nikolaevič
_d(1828-1910)
_xstyl
_vkonferencje.
_2kaba
_937845
600 1 7 _aTolstoj, Lev Nikolaevič
_d(1828-1910)
_xwpływ
_vkonferencje.
_2kaba
_937846
648 7 _a1801-1900
_2DBN
_936037
648 7 _a1901-2000
_2DBN
_934996
650 7 _aLiteratura estońska
_2DBN
_937847
650 7 _aLiteratura litewska
_2DBN
_935754
650 7 _aLiteratura rosyjska
_2DBN
_937848
650 7 _aLiteratury słowiańskie
_2DBN
_937849
650 7 _aWpływ i recepcja
_2DBN
_936244
650 7 _aLiteratura słowiańska
_xhistoria i krytyka
_vkonferencje.
_2kaba
_937850
651 7 _aEuropa Środkowo-Wschodnia
_2DBN
_935065
655 7 _aMateriały konferencyjne
_2DBN
_936310
658 _aHistoria
658 _aLiteraturoznawstwo
700 1 _aBiałokozowicz, Bazyli
_d(1932-2010).
_eRedakcja
_937843
710 2 _aUniwersytet Warmińsko-Mazurski (Olsztyn).
_bWydawnictwo.
_eWydawca
_4pbl
_912719
920 _a83-7299-393-9 (oprawa miękka)
942 _2ddc
_cBK_NM
999 _c26933
_d26933